| 000 | 00628nam a2200193Ia 4500 | ||
|---|---|---|---|
| 008 | 240729s9999 xx 000 0 und d | ||
| 022 | _a2527-9955 | ||
| 245 | 0 | _aJurnal Elektronika dan Telekomunikasi | |
| 260 | _aIndonesia | ||
| 260 | _bIndonesian Institute of Sciences | ||
| 650 | _a Electrical engineering. Electronics. Nuclear engineering | ||
| 650 | _a Electrical engineering. Electronics. Nuclear engineering | ||
| 650 | _a Electronics | ||
| 650 | _a Telecommunication | Technology | ||
| 650 | _aTechnology | ||
| 856 | _uhttps://doaj.org/toc/bdf78f77bcaa4426af5a09e7bfad7a9c | ||
| 942 | _2ddc | ||
| 942 | _cDOAJEJ | ||
| 999 |
_c66048 _d66048 |
||
| 945 |
_a1 _bMadushi Gamage _c1 _dMadushi Gamage |
||